000 01138cam a2200265 4500
008 000000n2000 000 0 eng u
020 _a0117535400
035 _a(Sirsi) u103886
050 _a711.1
_c18
110 _aUnited Kingdom
_bDepartment of the Environment, Transport and the Regions
_93507
245 _aMinerals planning guidance
_bstability in surface mineral working and tips.
260 _aLondon
_bStationery Office
_c2000
300 _a40p.
_bill.
_c30cm.
350 _a9
490 _aMPG
_v5
520 _aAdvises local authorities, landowners, mineral operators and other developers on the exercise of planning control with respect to stability in surface mineral workings and tips and on good practice in the design, assessment and inspection of excavated slopes and tips. To be read in conjunction with PPG14. View at www.planning.odpm.gov.uk.
650 _aMINING
650 _aQUARRIES
650 _aTIPS
650 _aSLOPES
650 _aMPG5
690 _aMINING AND MINERALS
856 _uhttps://www.communities.gov.uk/index.asp?id=1144172
_vView the guidance on the ODPM website...
942 _n0
999 _c100184
_d100184